Science Quiz

Random Science or Elements Quiz

Elements By Anagram Quiz Stats

 Plays Quiz Updated Feb 18, 2016

Challenge
Share
Tweet
Embed
Score 0/44 Timer 08:00
1 Play Today
Anagram Element % Correct
nittin
98.2%
deallead
97.2%
noneneon
94.6%
liverssilver
94%
no orbboron
92.9%
adornradon
87.2%
no crabcarbon
82.3%
groanargon
82%
in coilssilicon
75.4%
my curermercury
74.3%
I rumbabarium
72.8%
iron fluefluorine
66.9%
um...senile?selenium
56%
umber lilyberyllium
54.1%
nerdy hoghydrogen
52.3%
lug mailgallium
48.3%
miscuecesium
44.8%
humidorrhodium
42.6%
my nationantimony
41.3%
snug tenttungsten
40.6%
pull a maidpalladium
40.2%
amusing memagnesium
38.7%
Anagram Element % Correct
ringtonenitrogen
37.2%
rummage ingermanium
37.2%
emu riberbium
37.1%
rout himthorium
35.7%
firm emufermium
33.4%
bum tireterbium
32.7%
omit turnsstrontium
31.7%
noble dummymolybdenum
27.6%
tea stainastatine
27.2%
my tributeytterbium
27%
like umberberkelium
24.9%
races inarsenic
24.9%
bust himbismuth
24.8%
minute punneptunium
21.8%
punier comiccopernicium
20.9%
lime tutulutetium
20.4%
hot premiumpromethium
20.4%
mousy dripsdysprosium
17.2%
cranium foilcalifornium
16.8%
atomic turnipprotactinium
16.2%
alumni crewlawrencium
16.1%
not meringueroentgenium
10.7%

You're not logged in!

Compare scores with friends on all Sporcle quizzes.
OR
Log In

You Might Also Like...

Show Comments

Extras

Top Quizzes Today


Score Distribution

Your Account Isn't Verified!

In order to create a playlist on Sporcle, you need to verify the email address you used during registration. Go to your Sporcle Settings to finish the process.

Report this User

Report this user for behavior that violates our Community Guidelines.

Details: